Financial Accounting and Corporate Reporting <A> Casebook

Salvato in:
Dettagli Bibliografici
Autore principale: Ferris, Kenneth R.
Natura: Libro
Lingua:inglese
Pubblicazione: Plano Business Publications 1987
Edizione:1. ed.
Tags: Aggiungi Tag
Nessun Tag, puoi essere il primo ad aggiungerne!!

MARC

LEADER 00000nam a2200000 4500
001 c025221
005 20221219115833.9
041 0 |a eng 
044 |a US 
245 1 0 |a Financial Accounting and Corporate Reporting  |b <A> Casebook  |c Kenneth R. Ferris 
250 |a 1. ed. 
264 1 |a Plano  |b Business Publications  |c 1987 
300 |a 422 s. 
100 1 |a Ferris, Kenneth R.